000 00922nam a22003011 4500
999 _c9237
_d9237
001 9237
003 BD - JhCC
005 20190321094230.0
008 921109s1985 xxuaf b 000 0 eng d
020 _a0813302099
035 _a(BD - JhCC)9237
040 _aBD-JhCC
_dBD-JhCC
041 _aeng
050 0 _aRC451.S65 B55 1985
082 _bBLO 1985
_a362.20947
100 1 _aBloch, Sidney.
245 1 0 _aSoviet psychiatric abuse :
_bthe shadow over world psychiatry /
_cby Sidney Bloch and Peter Reddaway
260 _aBoulder, Colo :
_bWestview,
_c1985, c1984
300 _a288 p., [16] p. of plates :
_bill ;
_c23 cm
504 _aBibliography: p. [263]-278
504 _aIncludes index
650 0 _aPsychiatry
_xPolitical aspects
_zSoviet Union.
650 0 _aPolitical prisoners
_zSoviet Union
650 0 _aDissenters
_zSoviet Union
700 1 _aReddaway, Peter.
942 _2ddc
_cBK